BBC Business English : The Complete Book of Business English /
Spremljeno u:
| Glavni autor: | |
|---|---|
| Format: | Sách giấy |
| Jezik: | English |
| Izdano: |
Paris :
Hermes* ,
1992
|
| Oznake: |
Dodaj oznaku
Bez oznaka, Budi prvi tko označuje ovaj zapis!
|
| Thư viện lưu trữ: | Thư viện Trường Đại học Đà Lạt |
|---|
| LEADER | 00598nam a2200253 4500 | ||
|---|---|---|---|
| 001 | DLU020016147 | ||
| 005 | ##10/31/2000 | ||
| 020 | # | # | |a 978- |
| 041 | # | # | |a eng |
| 082 | # | # | |a 808.066 |b OW-R |
| 090 | # | # | |a 808.066 |b OW-R |
| 100 | # | # | |a Owen, Roger |
| 245 | # | # | |a BBC Business English : |b The Complete Book of Business English / |c Owen Roger |
| 260 | # | # | |a Paris : |b Hermes* , |c 1992 |
| 300 | # | # | |a 208 tr.; |c 28 cm. |
| 992 | # | # | |a 26000 |
| 994 | # | # | |a DLU |
| 900 | # | # | |a False |
| 911 | # | # | |a Administrator |
| 925 | # | # | |a G |
| 926 | # | # | |a A |
| 927 | # | # | |a SH |
| 980 | # | # | |a Thư viện Trường Đại học Đà Lạt |